|
|
|
|
| LEADER |
00000nab a2200000 a 4500 |
| 001 |
vtls011131567 |
| 003 |
SK-MaSNL |
| 005 |
20260303150857.0 |
| 008 |
230222|1995 xo |||||||||||||||||slo| |
| 015 |
|
|
|a SNBRB
|
| 035 |
|
|
|a (uuid)bce90a79-2e71-4ea6-a25c-18a78d9150b8
|
| 035 |
|
|
|a (urnnbn)urn:nbn:sk:snk:ar-a09lgy
|
| 035 |
|
|
|a urn:nbn:sk:snk-aba970
|
| 040 |
|
|
|a SNKBUCL
|b slo
|c SNKBUCL
|e AACR2
|
| 041 |
0 |
|
|a slo
|
| 044 |
|
|
|a xo
|c SK
|
| 100 |
1 |
|
|a Stanko, Michal,
|d 1957-
|4 aut
|9 9353
|
| 245 |
1 |
0 |
|a DROBNÉ CICAVCE (INSECTIVORA, RODENTIA) ÚZEMIA DOLNÉHO TOKU ONDAVY (VÝCHODOSLOVENSKÁ NÍŽINA)
|c Michal Stanko, Ladislav Mošanský
|
| 700 |
1 |
|
|a Mošanský, Ladislav,
|d 1955-
|4 aut
|9 160820
|
| 773 |
0 |
|
|t Zborník Východoslovenského múzea v Košiciach. Prírodné vedy
|g Roč. 35-1994, č. 1 (1995), s. 77-[87]
|
| 954 |
|
|
|a odborná, vedecká literatúra pôvodná (slovenská)
|2 lita
|
| 958 |
|
|
|a OND
|
| 958 |
|
|
|a EUIPO
|
| 958 |
|
|
|a article13
|
| 999 |
|
|
|c 2014167
|d 2016097
|